• 首页
  • 本馆介绍
  • 公告通知
  • 最新文献
  • 馆藏检索
  • 电子资源
  • 读者导购
  • 参考咨询
  • 我的图书馆
  • 登录
  • 详细信息显示
  • 放入我的书架
  • 预约/预借图书
  • 作者相关作品
  • 分类相关作品
  • 丛书相关作品
  • 出版社相关作品

书目信息

  • 表格格式
  • 工作单格式
  • 卡片格式
题名:
过渡元素卤化物熔度图手册
    
 
作者: Коршунов , 柯尔舒诺夫 著 ;黎青如 , 郭乃名 译
分册:  
出版信息: 北京   冶金工业出版社  1982
页数: 298页
开本: 25cm
丛书名:
单 册:
中图分类: TF17-62
科图分类:
主题词: 过渡元素-卤化物-熔点--手册 , 熔点-卤化物-过渡元素--手册 , 卤化物-过渡元素-熔点--手册
电子资源:
ISBN:
000 01192nam0 2200313 45
001 0182010807
005 20060925144040.39
010    @dCNY2.00
091    @a15062.3707
100    @a19950517d1982 em y0chiy0121 ea
101 1  @achi@crus
102    @aCN@b110000
105    @ay z 000yy
200 10 @a过渡元素卤化物熔度图手册@Aguo du yuan su lu hua wu rong du tu shou ce@f(苏)柯尔舒诺夫(В.Г. Коршунов)著@g黎青如,郭乃名译
210    @a北京@c冶金工业出版社@d1982
215    @a298页@d25cm
300    @a书名原文:Диаграммы плавкости галогенидных систем переходных элементов
510 1  @aДиаграммы плавкости галогенидных систем переходных элементов@zrus
606    @a过渡元素-卤化物-熔点@x手册
606    @a熔点-卤化物-过渡元素@x手册
606    @a卤化物-过渡元素-熔点@x手册
690    @aTF17-62@v3
701 A1 @aКоршунов@bВ.Г.@4著
701  1 @a柯尔舒诺夫@Ake er shu nuo fu@bВ.Г.@4著
702  0 @a黎青如@Ali qing ru@4译
702  0 @a郭乃名@Aguo nai ming@4译
801  2 @aCN@bNLC@c20060925
801  0 @aCN@bTSSF
905    @a10447@dTF17-62@e22
    
    过渡元素卤化物熔度图手册/(苏)柯尔舒诺夫(В.Г. Коршунов)著/黎青如,郭乃名译.-北京:冶金工业出版社,1982
    298页;25cm
    书名原文:Диаграммы плавкости галогенидных систем переходных элементов
    
    ISBN :CNY2.00
    
●
相关链接 在E读中查询图书 在五车中查询图书 在当当中查询图书 在豆瓣中查询图书


正题名:过渡元素卤化物熔度图手册     索取号:TF17-62/22         预约/预借

序号 登录号 条形码 馆藏地/架位号 状态 备注
1 0422606   204226060   密集书库/ [索取号:TF17-62/22] 在馆    
唐山师范学院图书馆 欢迎您!
大连网信软件有限公司© 版权所有